000 00684 a2200169 4500
003 Nust
005 20221011123434.0
040 _cNust
082 _a540,THO
100 _aThomson, Tom R
_999880
245 _aChemistry :
_bIntroduction to matter /
_cTom R Thomson
260 _aLondon
_bAddison
300 _a704:
505 _aMatter and its Forms (Page-1), Chemical Change and Stoichiometry (Page-114), Evidence for Atoms (Page-152), Chemical Bonding (Page-252), Kinetics, Oxidation-Reduction and Electrochemistry (Page-392), Organic and Biochemistry (Page-454), Families of Elements (Page-520), Colloids and Radioactivity (Page-594).
650 _aChemistry
942 _2ddc
_cBK
999 _c183339
_d183339